000 01008nam a22002777a 4500
005 20240530110517.0
008 160208s2012 ua ad g b 000 0 ara d
017 _a2011/20272
_bمصر . دار الكتب المصرية
020 _a9771027573
040 _aEG-CaGPL
082 0 4 _221
_a364.164\
_bغ ث
100 0 _aغادة حامد شحاتة
245 1 0 _aثقافة العنف بالمناطق العشوائية :
_bدراسة حالة /
_cغادة حامد شحاتة
250 _aط1
260 _aالقاهرة :
_bدار الفكر العربى ،
_c2012 .
300 _a306 ص :
_bجداول ؛
_c24 سم .
504 _aيشتمل على ارجاعات ببليوجرافية
650 0 4 _aالعنف
650 0 4 _aالجريمة و المجرمون
650 0 4 _aالعدوانية
650 0 4 _aمنع العنف
650 0 4 _aالعنف
_xمقاومة
650 0 4 _aعلم النفس الاجتماعى
942 _2ddc
_cBK
999 _c61813
_d61813